01151nab a22002297a 4500999001500000003000400015005001700019008004100036040000700077100003500084245010100119260004200220300001200262500002900274505030600303505008900609650002600698650003200724650003000756773012200786942001300908 c5424d5424OSt20250407102215.0190506c xxu||||| |||| 00| 0 spa d cPJ 96443aFranculli, Jorge Luján13aLa ley 27.742. El darwinismo social y una nueva crisis de legalidad /cJorge Luján Franculli. aBuenos Aires :bAbeledoPerrot,c2025. ap. 9-34 aTR LALEY AR/DOC/82/2025. aSumario: I. Cambio de época. Del dec. 34/2019 al dec. 70/2023.— II. La ley 27.742 y el desprecio de la Constitución Nacional.— III. El darwinismo social y una nueva crisis de legalidad.— IV. Primeras sentencias sobre la ley 27.742.— V. El derecho del trabajo en la época de la posverdad. t¿Te interesa el texto completo? Comunicate al correo: koha@justierradelfuego.gov.ar 091316aDERECHO LABORAL 09178aDERECHO CONSTITUCIONAL 091323aCONTRATO DE TRABAJO0 0275193202dBuenos Aires : AbeledoPerrot, 2013-tRevista de derecho laboral y seguridad social. Nº 3 - Febrero 2025 2udccANA